McGraw-Hill encyclopedia of science & technology Vol-19 (Record no. 61359)
[ view plain ]
| 000 -LEADER | |
|---|---|
| fixed length control field | 01318cam a2200325 a 4500 |
| 001 - CONTROL NUMBER | |
| control field | 2015935 |
| 003 - CONTROL NUMBER IDENTIFIER | |
| control field | NUST-PNEC |
| 005 - DATE AND TIME OF LATEST TRANSACTION | |
| control field | 20170116180720.0 |
| 008 - FIXED-LENGTH DATA ELEMENTS--GENERAL INFORMATION | |
| fixed length control field | 910923s1992 nyua be 000 0 eng |
| 010 ## - LIBRARY OF CONGRESS CONTROL NUMBER | |
| LC control number | 91036349 |
| 020 ## - INTERNATIONAL STANDARD BOOK NUMBER | |
| International Standard Book Number | 0079092063 (set) |
| 040 ## - CATALOGING SOURCE | |
| Transcribing agency | PNEC |
| 050 00 - LIBRARY OF CONGRESS CALL NUMBER | |
| Classification number | Q121 |
| Item number | .M3 1992 |
| 082 00 - DEWEY DECIMAL CLASSIFICATION NUMBER | |
| Classification number | 503 MCG |
| Edition number | 20 |
| 100 ## - MAIN ENTRY--PERSONAL NAME | |
| 9 (RLIN) | 815 |
| Personal name | Mcgraw-Hill |
| 245 00 - TITLE STATEMENT | |
| Title | McGraw-Hill encyclopedia of science & technology Vol-19 |
| Remainder of title | an international reference work in twenty volumes including an index. |
| 246 30 - VARYING FORM OF TITLE | |
| Title proper/short title | Encyclopedia of science & technology |
| 246 3# - VARYING FORM OF TITLE | |
| Title proper/short title | McGraw-Hill encyclopedia of science and technology |
| 246 3# - VARYING FORM OF TITLE | |
| Title proper/short title | Encyclopedia of science and technology |
| 250 ## - EDITION STATEMENT | |
| Edition statement | 7th ed. |
| 260 ## - PUBLICATION, DISTRIBUTION, ETC. | |
| Place of publication, distribution, etc. | New York : |
| Name of publisher, distributor, etc. | McGraw-Hill, |
| Date of publication, distribution, etc. | c1992. |
| 300 ## - PHYSICAL DESCRIPTION | |
| Extent | 650 p. : |
| Other physical details | ill. (some col.) ; |
| Dimensions | 29 cm. |
| 500 ## - GENERAL NOTE | |
| General note | http://www.amazon.com/McGraw-Hill-Encyclopedia-Science-Technology-Parker/dp/0079092063/ref=sr_1_1?s=books&ie=UTF8&qid=1414216367&sr=1-1&keywords=0079092063 |
| 504 ## - BIBLIOGRAPHY, ETC. NOTE | |
| Bibliography, etc. note | Includes bibliographical references and index. |
| 650 #0 - SUBJECT ADDED ENTRY--TOPICAL TERM | |
| Topical term or geographic name entry element | Science |
| General subdivision | Encyclopedias. |
| 650 #0 - SUBJECT ADDED ENTRY--TOPICAL TERM | |
| Topical term or geographic name entry element | Technology |
| General subdivision | Encyclopedias. |
| -- | General |
| 906 ## - LOCAL DATA ELEMENT F, LDF (RLIN) | |
| a | 7 |
| b | cbc |
| c | orignew |
| d | 1 |
| e | ocip |
| f | 19 |
| g | y-gencatlg |
| 942 ## - ADDED ENTRY ELEMENTS (KOHA) | |
| Source of classification or shelving scheme | |
| Koha item type | Book |
| Withdrawn status | Lost status | Source of classification or shelving scheme | Damaged status | Not for loan | Permanent Location | Current Location | Shelving location | Date acquired | Source of acquisition | Cost, normal purchase price | Total Checkouts | Full call number | Barcode | Date last seen | Cost, replacement price | Price effective from | Koha item type |
|---|---|---|---|---|---|---|---|---|---|---|---|---|---|---|---|---|---|
| Pakistan Navy Engineering College (PNEC) | Pakistan Navy Engineering College (PNEC) | Reference | Royal Book Company | 2158.40 | 503 MCG | PNECLIB-016581 | 10/25/2014 | 2158.40 | Book |
